Statistics for Kenya First Level Subdivisions

Click here to take the quiz!

General Stats

  • This quiz has been taken 111 times
  • The average score is 15 of 47

Answer Stats

Kaunti% Correct
Nairobi
96%
Mombasa
75%
Turkana
54%
Kisumu
50%
Garissa
42%
Meru
42%
Kericho
38%
Kiambu
38%
Kilifi
38%
Kwale
38%
Lamu
38%
Mandera
38%
Nakuru
38%
Nyeri
38%
Taita–Taveta
38%
Kajiado
33%
Kitui
33%
Machakos
33%
Marsabit
33%
Samburu
33%
Tana River
33%
Wajir
33%
Homa Bay
29%
Isiolo
29%
Murang'a
29%
Narok
29%
Baringo
25%
Bomet
25%
Busia
25%
Embu
25%
Kakamega
25%
Kirinyaga
25%
Kisii
25%
Laikipia
25%
Nandi
25%
Siaya
25%
Tharaka-Nithi
25%
West Pokot
25%
Bungoma
21%
Elgeyo-Marakwet
21%
Makueni
21%
Nyamira
21%
Nyandarua
21%
Trans-Nzoia
21%
Uasin Gishu
21%
Vihiga
21%
Migori
17%

Score Distribution

Percentile by Number Answered

Percent of People with Each Score

Your Score History

You have not taken this quiz